Statistiques concernant Paroles - Premier pas - Nekfeu

Cliquez ici pour prendre le quiz!

Statistiques générales

  • Ce quiz a été pris 131 fois
  • Le résultat moyen est 343 sur 439

Statistiques - réponses

Réponse% Correct
je
99%
Je
99%
de
96%
le
96%
Le
96%
le
96%
ma
96%
on
96%
a
95%
à
95%
et
95%
du
95%
et
95%
Et
95%
les
95%
Les
95%
est
94%
93%
la
93%
me
93%
ne
93%
dans
92%
que
92%
90%
ou
90%
pas
90%
en
89%
heure
89%
Ils
89%
matin
89%
Onze
89%
se
89%
tu
89%
mais
88%
Mais
88%
qui
88%
au
87%
Au
87%
ça
87%
tous
87%
Tous
87%
j'ai
86%
pour
86%
quartier
86%
si
86%
trop
86%
dise
84%
gens
84%
sol
84%
une
84%
avec
83%
l'air
83%
L'air
83%
solo
83%
suis
83%
vie
83%
ai
82%
heures
82%
inquiets
82%
Nouvelle-Orléans
82%
nouvelles
82%
terre
82%
Terre
82%
traîner
82%
cest
81%
déambule
81%
disent
81%
n'ont
81%
avoir
80%
dix
80%
l'ouragan
80%
L'ouragan
80%
premiers
80%
connu
78%
interdit
78%
neuf
78%
pensé
78%
seul
78%
viennent
78%
bonne
77%
cette
77%
Katrina
77%
lourd
77%
nos
77%
prévu
77%
rien
77%
tête
77%
toi
77%
autre
76%
ciel
76%
d'ici
76%
était
76%
ici
76%
mal
76%
personne
76%
quelques
76%
ton
76%
tremblé
76%
Tremé
76%
ville
76%
humeur
75%
j'aille
75%
l'amour
75%
qu'on
75%
sont
75%
Tokyo
75%
bien
73%
contrôle
73%
est ce
73%
n'es
73%
passé
73%
perçois
73%
perds
73%
qu'en
73%
somme
73%
soupirs
73%
énergie
72%
étaient
72%
parce
72%
ses
72%
tremblements
72%
Y a
72%
Y a
72%
couvre-feu
71%
d'annoncer
71%
être
71%
j'aime
71%
japonais
71%
miles
71%
qu'ici
71%
repense
71%
cyclones
70%
derniers
70%
des
70%
dire
70%
fournissent
70%
hier
70%
noir
70%
souvenir
70%
suit
70%
trinquer
70%
attrape
69%
aux
69%
j'en
69%
J'en
69%
m'fait
69%
profusion
69%
proposent
69%
savoir
69%
senti
69%
détonnant
67%
faible
67%
font
67%
guerre
67%
musiciens
67%
pieds
67%
port
67%
suspension
67%
assez
66%
crimes
66%
improvisant
66%
liés
66%
l'impression
66%
Loin
66%
mes
66%
pars
66%
s'amusent
66%
séisme
66%
sur
66%
voudrait
66%
fête
65%
journal
65%
partira
65%
pensées
65%
peut-être
65%
tempête
65%
trompé
65%
voisins
65%
faisons
64%
notre
64%
paix
64%
rappeler
64%
autour
63%
avant
63%
compatiras
63%
Etrange
63%
magnitude
63%
nature
63%
peur
63%
pleine
63%
reprend
63%
sans
63%
s'était
63%
souvent
63%
zones
63%
comme
61%
cours
61%
droits
61%
Joue
61%
l'pire
61%
n'ai
61%
oublie
61%
qu'il
61%
Tornade
61%
trempé
61%
trompette
61%
face
60%
Face
60%
inondées
60%
l'européen
60%
L'européen
60%
leurs
60%
monter
60%
mort
60%
tant
60%
évocation
59%
infinité
59%
n'est
59%
ressent
59%
rrain-té
59%
secouant
59%
suspicion
59%
contact
58%
dispute
58%
miens
58%
d'son
57%
qu'aux
57%
serait
57%
finir
55%
pulsions
55%
d'amour
54%
dommage
54%
terres
54%
tourne
54%
coeur
53%
fois
53%
souvenirs
53%
secoue
52%
sentimentale
52%
d'humeur
51%
invocations
51%
vole
49%
discordantes
48%
chantées
46%
complétement
46%
prête
46%
d'voix
45%
justes
42%
deviennent
41%
collision
39%
Foule
39%
attroupée
37%
provions
7%

Distribution des résultats

Percentile par nombre de réponses

% des personnes avec chaque résultat

Votre développement - résultats

Vous n’avez pas pris ce quiz